Aquí no ha passat res / (Record no. 136975)

MARC details
000 -CABECERA
campo de control de longitud fija 01837nam a22003134i 4500
001 - NÚMERO DE CONTROL
campo de control 991061597648106706
003 - IDENTIFICADOR DEL NÚMERO DE CONTROL
campo de control ES-BaIT
005 - FECHA Y HORA DE LA ÚLTIMA TRANSACCIÓN
campo de control 20260202074906.0
008 - DATOS DE LONGITUD FIJA--INFORMACIÓN GENERAL
campo de control de longitud fija 260128s2025 sp a 000 d cat c
017 ## - NÚMERO DE COPYRIGHT O DE DEPÓSITO LEGAL
Número de copyright o de depósito legal DL PM 00472-2025
Agencia que asigna Oficina DL Mallorca
020 ## - NÚMERO INTERNACIONAL ESTÁNDAR DEL LIBRO
Número Internacional Estándar del Libro 9788412919196
040 ## - FUENTE DE LA CATALOGACIÓN
Centro catalogador/agencia de origen ES-BaIT
Lengua de catalogación cat
Normas de descripción rda
Centro/agencia transcriptor ES-BaIT
080 ## - NÚMERO DE LA CLASIFICACIÓN DECIMAL UNIVERSAL
Número de la Clasificación Decimal Universal 849.9-2"20"
100 1# - ENTRADA PRINCIPAL--NOMBRE DE PERSONA
Nombre de persona Casado i Olivas, Jordi,
Fechas asociadas al nombre 1989-
Término indicativo de función/relación autor
9 (RLIN) 166072
245 10 - MENCIÓN DE TÍTULO
Título Aquí no ha passat res /
Mención de responsabilidad, etc. Jordi Casado Olivas
264 #1 - PRODUCCIÓN, PUBLICACIÓN, DISTRIBUCIÓN, FABRICACIÓN Y COPYRIGHT
Producción, publicación, distribución, fabricación y copyright Mallorca :
Nombre del de productor, editor, distribuidor, fabricante AdiA Edicions,
Fecha de producción, publicación, distribución, fabricación o copyright 2025
300 ## - DESCRIPCIÓN FÍSICA
Extensión 115 pàgines ;
Dimensiones 20 cm
336 ## - TIPO DE CONTENIDO
Término de tipo de contenido text
Código de tipo de contenido txt
Fuente rdacontent
337 ## - TIPO DE MEDIO
Nombre/término del tipo de medio sense mediació
Código del tipo de medio n
Fuente rdamedia
338 ## - TIPO DE SOPORTE
Nombre/término del tipo de soporte volum
Código del tipo de soporte nc
Fuente rdacarrier
490 1# - MENCIÓN DE SERIE
Mención de serie Col·lecció Jàssera ;
Designación de volumen o secuencia 8
500 ## - NOTA GENERAL
Nota general Sense llista de personatges
520 ## - SUMARIO, ETC.
Sumario, etc. "Tothom coneix el càstig de Sísif: empènyer una roca fins el cim d’una muntanya, només perquè la maleïda roca torni a rodolar fins als peus de la muntanya. Tothom sap que Sísif està condemnat a empènyer la roca per tota l’eternitat, i que la roca sempre caurà quan arribi al cim. Una vegada i una altra. Per sempre.Però què passaria si Sísif es cansés d’empènyer la roca? Què passaria si deixés de fer-ho? Què passaria si, una vegada al cim, mentre la roca rodola muntanya avall, Sísif decidís que ja n’ha tingut prou? Què passaria si es rebel·lés contra el seu càstig etern, i busqués la manera de ser lliure?La història d’Aquí no ha passat res comença quan Sísif abandona la roca, s’allunya de la muntanya, i truca a una porta —la porta de l’Àlex— amb l’esperança de començar alguna cosa nova." -- Contracoberta
600 00 - PUNTO DE ACCESO ADICIONAL DE MATERIA--NOMBRE DE PERSONA
Nombre de persona Sísif
Títulos y otros términos asociados al nombre (Personatge mitològic)
Subdivisión de forma Textos dramàtics
9 (RLIN) 166521
830 ## - PUNTO DE ACCESO ADICIONAL DE SERIE-TÍTULO UNIFORME
Título uniforme Col·lecció Jàssera
Designación de volumen o secuencia 8
9 (RLIN) 168250
908 ## - COLOCAR PARÁMETRO DE COMANDO (RLIN)
Colocar parámetro de comando CDMAE
940 ## - EQUIVALENCIA O REFERENCIA-CRUZADA--TÍTULO UNIFORME [OBSOLETO] [solamente CAN/MARC]
Título uniforme <a href="CVA38">CVA38</a>
942 ## - ELEMENTOS DE ENTRADA AGREGADA (KOHA)
Fuente del sistema de clasificación o colocación Clasificación decimal universal
Tipo de ítem Koha Llibre
Holdings
Estado de retiro Estado de pérdida Fuente del sistema de clasificación o colocación Estado dañado No para préstamo Localización permanente Ubicación/localización actual Ubicación en estantería Fecha de adquisición Fuente de adquisición Total de préstamos Signatura topográfica completa Código de barras Fecha visto por última vez Precio válido a partir de Tipo de ítem Koha
    Clasificación decimal universal     Biblioteca Barcelona Biblioteca Barcelona BCN Lliure Accés 02/02/2026 Compra   849 CASO aqu 1900089667 02/02/2026 02/02/2026 Llibre

Powered by Koha